| 000 | 00595nam a22002057a 4500 | ||
|---|---|---|---|
| 003 | OSt | ||
| 005 | 20210420075930.0 | ||
| 008 | 201212s2010 ||||| |||| 00| 0 eng d | ||
| 020 | _a9781427727336 | ||
| 020 | _a1427727333 | ||
| 040 |
_aeng _beng _cDLC _deng |
||
| 041 | _aeng | ||
| 080 |
_a336 _bK-20 |
||
| 245 |
_aAlternative Asset Valuation and Fixed Income _b: Level 2 Book 4, SchweserNotes for the 2011 CFA Exam _c/ by: Kaplan Schweser |
||
| 260 |
_aUSA _bKaplan Schweser _c2010 |
||
| 300 | _a307 p. ill. | ||
| 650 | 0 |
_9454 _aFinances |
|
| 653 | _aფინანსები | ||
| 942 |
_2udc _cBK |
||
| 999 |
_c558 _d558 |
||